Manual de evaluación y entrenamiento de las habilidades sociales
Guardat en:
| Autor principal: | |
|---|---|
| Format: | Llibre |
| Idioma: | espanyol |
| Publicat: |
Madrid
Siglo XXI
1997
|
| Edició: | 2a. ed |
| Matèries: | |
| Etiquetes: |
Afegir etiqueta
Sense etiquetes, Sigues el primer a etiquetar aquest registre!
|
MARC
| LEADER | 00000cam a2200000 a 4500 | ||
|---|---|---|---|
| 001 | UCI8625 | ||
| 003 | CL-VaPUC | ||
| 008 | 080911e19970000SP |||||||||||||||||spa|d | ||
| 020 | |a 9788432308086 | ||
| 082 | 0 | 4 | |a 302 |b CAB |2 21 |
| 100 | 0 | |a Caballo Manrique, Vicente E |e author |9 532148 | |
| 245 | 1 | 0 | |a Manual de evaluación y entrenamiento de las habilidades sociales |
| 250 | |a 2a. ed | ||
| 300 | |a 407 p | ||
| 942 | |c BK | ||
| 945 | |d 20080911 00:00:00 |a jtorresc | ||
| 260 | |a Madrid |b Siglo XXI |c 1997 | ||
| 650 | 0 | |a Comunicación no verbal |9 270761 | |
| 650 | 0 | |a Comunicación interpersonal |9 307498 | |
| 650 | 0 | |a Psicología social |9 222894 | |
| 583 | |a last modification |c 20180502 11:06:03 |k Rodrigo Vera | ||
| 999 | |c 331441 |d 331439 | ||
| 952 | |0 0 |1 0 |4 0 |6 302_000000000000000_CAB_1997 |7 0 |8 A |9 418107 |a BIBEDU |b BIBEDU |d 2019-11-22 |i 4480066 |o 302 CAB 1997 |p 4480066 |r 2019-11-22 |w 2019-11-22 |y BK |k PSI | ||
| 952 | |0 0 |1 0 |4 0 |6 302_000000000000000_CAB_1997 |7 0 |8 A |9 418108 |a BIBEDU |b BIBEDU |d 2019-11-22 |i 4899539 |o 302 CAB 1997 |p 4899539 |r 2019-11-22 |w 2019-11-22 |y BK |k PSI | ||
| 952 | |0 0 |1 0 |3 erb |4 0 |6 302_000000000000000_CAB_1997 |7 0 |8 A |9 418109 |a BIBEDU |b BIBEDU |i 5373212 |o 302 CAB 1997 |p 5373212 |r 2019-11-22 |w 2019-11-22 |y BK |z Catalogado en:20170422 |k EBA | ||
| 952 | |0 0 |1 0 |3 erb |4 0 |6 302_000000000000000_CAB_1997 |7 0 |8 A |9 418110 |a BIBEDU |b BIBEDU |i 5373204 |o 302 CAB 1997 |p 5373204 |r 2019-11-22 |w 2019-11-22 |y BK |z Catalogado en:20170422 |k EBA | ||